[Event "Kurnosov Memorial Rapid 2020"]
[Site "Chelyabinsk"]
[Date "2020.09.06"]
[Round "11.9"]
[White "Savchenko, Boris"]
[Black "Bryakin, Mikhail"]
[Result "1-0"]
[WhiteElo "2564"]
[BlackElo "2448"]
[Annotator "TA"]
[PlyCount "65"]
[EventDate "2020.09.04"]
[EventType "swiss"]
[EventCountry "RUS"]
[SourceTitle "playchess.com"]
[Source "ChessBase"]
[SourceQuality "1"]

{[%evp 12,65,17,10,10,19,20,5,11,14,23,0,0,0,0,0,0,-2,18,14,27,25,35,15,41,37,59,59,327,321,320,317,319,319,453,464,552,545,547,538,535,534,541,532,593,531,640,637,723,729,762,710,1185,1159,1606,1353]} 1. Nf3 d5 2. g3 Nf6 3. Bg2 Bf5 4. c4 e6 5. O-O c6 6. cxd5 exd5 7. d3 Bc5 {A11: English Opening: 1...c6.} 8. Qb3 Bb6 9. Nc3 O-O {The position is equal.} 10. Na4 Re8 (10... Nbd7 11. Nxb6 axb6 12. Qc2 h6 13. b3 Re8 14. Bb2 b5 15. Nd4 Bh7 16. a3 Qb6 17. Qd2 Ne5 18. h3 {1-0 (51) Savchenko,B (2573)-Bryakin,M (2442) Moscow 2020}) 11. Nxb6 axb6 {[#]} 12. Bg5 $5 $146 {[%mdl 8] An interesting novelty.} ({Predecessor:} 12. Qc2 h6 13. b3 c5 14. Bb2 Nc6 15. a3 d4 16. b4 Qd6 17. Rfc1 Nd7 18. Qd2 {0-1 (41) Oparin,G (2613)-Carlsen,M (2835) St Petersburg 2018}) 12... Nbd7 13. Rfe1 h6 14. Be3 (14. Bd2 {feels hotter.} c5 15. a4 Be6 16. Qc2 d4 17. b4) 14... Bh7 15. a4 Rxe3 16. fxe3 Qe7 17. d4 Ng4 18. Ra3 Re8 {[%cal Rg4e3]} 19. Bh3 Nxe3 $2 {[%mdl 8192] [#] Black cannot hold the game after this.} ({Black should try} 19... Ndf6 $14) 20. Qxe3 $1 $18 {[%mdl 512]} Qxe3+ 21. Rxe3 Rxe3 22. Bxd7 Rb3 (22... Bc2 {was called for.} 23. Bc8 Re7) 23. Bc8 {White is clearly winning.} c5 24. Bxb7 cxd4 25. Bxd5 Rxb2 26. Nxd4 Rb4 27. Rc1 {[%cal Rc1c8] [#]} Bg6 28. Rc4 Rb2 29. Kf2 Kf8 30. Rc7 Ke8 31. Bc6+ Kd8 32. Rd7+ Kc8 33. Nb5 {Accuracy: White = 100%, Black = 46%.} 1-0

[Event "Kurnosov Memorial Rapid 2020"]
[Site "Chelyabinsk"]
[Date "2020.09.06"]
[Round "11.10"]
[White "Frolyanov, Dmitry"]
[Black "Romanov, Evgeny"]
[Result "1/2-1/2"]
[WhiteElo "2546"]
[BlackElo "2524"]
[Annotator "TA"]
[PlyCount "247"]
[EventDate "2020.09.04"]
[EventType "swiss"]
[EventCountry "RUS"]
[SourceTitle "playchess.com"]
[Source "ChessBase"]
[SourceQuality "1"]

{[%evp 13,247,14,2,0,0,0,0,0,16,5,12,-23,-17,-17,-33,-23,-18,-17,64,0,8,0,0,0,0,0,0,0,0,0,0,0,0,0,0,0,0,-15,-15,-15,-2,-2,-2,-36,-36,-52,-28,-36,-36,-36,-36,-36,-35,-52,-52,-74,-36,-74,-74,-74,-74,-74,-74,-74,-74,-74,-74,-74,-74,-74,-74,-74,-74,-74,-74,-74,-33,-74,-18,-74,-74,-74,-74,-74,-74,-74,-74,-74,-74,-74,-74,-74,0,-74,-14,-14,-14,-14,-14,-14,-14,-26,-14,-14,-14,-33,-33,-33,-33,-33,-33,-33,-33,-33,-26,-26,-26,-26,0,0,0,-33,-33,-33,-33,-33,-33,-33,-8,-8,-8,-33,-33,-33,-33,-33,-33,-33,-33,-33,-33,-33,-33,-33,-33,-33,-26,-26,-26,-26,-26,-26,-26,-33,-5,-5,-5,0,0,-33,-33,-33,-33,-33,-6,-6,0,0,0,0,0,0,0,-8,0,0,0,0,0,0,0,0,0,0,0,-98,-98,-98,-98,-98,-98,-98,-98,-98,0,-98,-98,-150,-139,-98,-98,-98,0,-98,-98,-98,-98,-98,-98,-98,-98,-98,-98,-98,-91,-91,-91,-91,0,-91,-91,-91,-91,-91,0,0,0,0,0,0,0,0,0,0,0,0]} 1. e4 e6 2. d4 d5 3. Nc3 Bb4 4. e5 c5 5. a3 Bxc3+ 6. bxc3 Qa5 7. Bd2 Qa4 8. h4 {C18: French: 3 Nc3 Bb4: Main line: 7 h4 and 7 Qg4.} Nc6 9. h5 h6 10. Nf3 Nge7 11. dxc5 Qe4+ 12. Be2 Nxe5 {[#]} 13. O-O $146 ({Predecessor:} 13. Nxe5 Qxe5 14. Rb1 O-O 15. Rh3 b6 16. Rb4 bxc5 17. Rg4 f5 18. Rgh4 Qd6 19. f4 {0-1 (51) Rudolf,H (2357)-Wirig,A (2490) Germany 2014}) 13... Nxf3+ 14. Bxf3 Qc4 15. Be3 e5 (15... Nf5 $11) 16. Rb1 (16. Qd3 $14) 16... O-O $11 17. Rb4 Qxc3 18. Bxd5 Qxa3 19. Rb3 Qa4 20. Bxb7 Bxb7 21. Rxb7 Nf5 22. Qd5 Rad8 23. Qxe5 Nxe3 24. Qxe3 Rd5 25. Qe7 {White wants to play Re1.} Qxc2 26. Rxa7 Qxc5 (26... Rxc5 {seems wilder.} 27. Re1 Qf5 28. Ra4 Rc2 29. Qh4 Rfc8) 27. Qxc5 Rxc5 {[%mdl 4096] Endgame KRR-KRR} 28. Rfa1 Rxh5 29. Ra8 g6 (29... Rxa8 {looks sharper.} 30. Rxa8+ Kh7 31. f4 Rb5 32. Kh2 Rb4) 30. g3 Rxa8 31. Rxa8+ $15 {KR-KR} Kg7 32. Kg2 Rb5 33. Ra6 h5 34. Rc6 Rb3 35. Ra6 g5 36. Rc6 f6 37. Ra6 Kg6 38. Ra5 Rb8 39. Rc5 Re8 40. Ra5 Re5 41. Ra4 Rb5 42. Rc4 Ra5 43. Rb4 Kf5 44. Rc4 Ke5 45. Rb4 Rd5 (45... Ke6 $17) 46. Rb8 (46. f4+ $11 {keeps the balance.} Ke6 47. fxg5) 46... Kf5 $17 47. Rh8 Kg6 48. Rg8+ Kh7 49. Ra8 Rd4 50. Ra5 Kg6 51. Rb5 Rd6 52. Ra5 Rd4 53. Rb5 $1 h4 ({Black should try} 53... Rd2 $17) 54. gxh4 $11 Rg4+ 55. Kf3 Rxh4 56. Kg3 Re4 57. Rb8 Ra4 58. Rb6 Ra3+ 59. Kg2 g4 60. Rc6 Kg5 61. Rc5+ f5 62. Rb5 Rd3 63. Ra5 Kf4 64. Ra4+ Ke5 65. Ra5+ Kf4 66. Ra4+ Kg5 67. Ra5 Rd2 68. Kg3 Re2 69. Rb5 Re1 70. Kg2 Kf4 71. Rb4+ Re4 72. Rb5 Rd4 73. Rb8 Rd3 74. Ra8 Rf3 75. Ra4+ Kg5 76. Ra8 Rc3 77. Ra5 Rh3 78. Rb5 Ra3 79. Rc5 Kf6 80. Rc6+ Ke5 81. Rc5+ Ke4 82. Rc4+ Kd5 83. Rb4 Ra5 84. Kg3 Ke5 85. Rb3 Ra1 86. Rb5+ Kf6 87. Rc5 Ra3+ 88. Kg2 f4 89. Rc8 $1 Ra2 90. Rf8+ Ke5 {[#] Hoping for ...g3.} 91. Re8+ Kd5 92. Rd8+ Ke6 93. Rf8 Ra4 94. Rg8 Kf5 95. Rf8+ Ke4 96. Re8+ Kd3 97. Rd8+ Rd4 (97... Kc2 {is more complex.} 98. Rg8 Kd3 99. Rxg4 Ke4 100. Rg8 Ra2) 98. Re8 (98. Rg8 {keeps more tension.} Ke2 99. Re8+ Kd2 100. Rg8 f3+ 101. Kg3) 98... Rd5 (98... Re4 {is interesting.} 99. Ra8 Re2 100. Rd8+ Ke4 101. Re8+ Kf5) 99. f3 (99. Rg8 $11) 99... g3 $17 100. Re4 Rd4 101. Re8 Kd2 102. Rf8 Kd1 103. Kf1 Kd2 104. Kg2 Rc4 105. Rd8+ Kc3 106. Rf8 Rd4 107. Rc8+ Kd3 (107... Kb2 $17 {White must now prevent ...Rd2+.} 108. Rf8 Kc3) 108. Rf8 (108. Re8 $11) 108... Kc4 109. Rc8+ Kd5 {And now ...Rd2+ would win.} 110. Rd8+ Ke5 111. Re8+ Kf6 112. Re2 Rd8 {Threatens to win with ...Rd3.} 113. Ra2 Rh8 {( -> ...Rh2+)} 114. Ra6+ Ke5 115. Ra5+ Kd6 (115... Ke6 $17 {Strongly threatening ...Rh2+.} 116. Ra6+ Kf5 117. Ra5+ Kg6 118. Ra6+ Kg5 119. Ra5+ Kf6 120. Ra6+ Kg5 121. Ra5+ Kf6 122. Ra6+) 116. Ra6+ (116. Rf5 $1 $11) 116... Kd5 117. Ra5+ Kc6 {aiming for ...Rh2+.} 118. Ra4 {[#]} Rh4 (118... Rf8 $1 $17) 119. Re4 $1 $11 {The position is equal.} Kd5 120. Kg1 Kd6 121. Kg2 Kc6 122. Kg1 Kd5 123. Kg2 Kd6 124. Kg1 {Accuracy: White = 90%, Black = 89%.} 1/2-1/2

[Event "Kurnosov Memorial Rapid 2020"]
[Site "Chelyabinsk"]
[Date "2020.09.06"]
[Round "11.11"]
[White "Fedoseev, Vladimir"]
[Black "Volkov, Sergey"]
[Result "1-0"]
[WhiteElo "2678"]
[BlackElo "2570"]
[Annotator "TA"]
[PlyCount "83"]
[EventDate "2020.09.04"]
[EventType "swiss"]
[EventCountry "RUS"]
[SourceTitle "playchess.com"]
[Source "ChessBase"]
[SourceQuality "1"]

{[%evp 11,83,0,13,2,32,43,43,35,86,80,87,93,79,70,82,75,82,68,75,76,54,0,0,-17,-18,-24,0,0,0,0,0,-20,0,-16,-22,-16,0,0,0,0,7,0,0,0,0,0,0,0,25,24,395,379,462,460,470,460,459,468,469,460,478,476,568,566,673,670,606,551,523,489,658,652,702,686]} 1. e4 e6 2. d4 d5 3. Nc3 Nf6 4. e5 Nfd7 5. Nce2 c5 6. c3 b5 7. f4 {C11: French: Classical System: 4 e5 and 4 Bg5 dxe4.} b4 8. cxb4 cxb4 9. Nf3 {White is slightly better.} Ba6 {[#]} ({Black should play} 9... Be7 $14) 10. f5 $146 {[%mdl 512]} ({Predecessor:} 10. g4 h5 11. gxh5 Bxe2 12. Bxe2 Rxh5 13. Ng5 Rh6 14. Bg4 Be7 15. O-O Qb6 16. Nxf7 Kxf7 {1-0 (26) Patterson,R (2152)-Dean,R (2239) Silverdale 2010}) 10... exf5 11. Nf4 Nb6 12. e6 Bd6 13. Bxa6 Nxa6 14. Qd3 {Threatens to win with Qb5+.} Nc7 $1 15. exf7+ ({Of course not} 15. Qxf5 Nxe6 16. Nxe6 fxe6 $11) 15... Kxf7 16. O-O (16. Qxf5+ $14 Kg8 17. O-O) 16... Rf8 $1 $11 17. Qxf5+ Kg8 18. Qg4 Qd7 (18... Qc8 {with more complications.} 19. Qxc8 Raxc8 20. Nd3 a5 21. Re1 Nb5) 19. Qxd7 Nxd7 20. Nd3 a5 21. Bd2 Nb5 22. Rfe1 Rac8 23. Rac1 Nf6 24. Bf4 Ne4 25. Bxd6 Nbxd6 26. h3 h6 27. Nde5 Rfe8 28. Nc6 Nc4 29. Nfe5 Kh7 30. Rxe4 {[%mdl 64] [#] And now Ree1 would win. Deflection} dxe4 $4 {[%mdl 8192] Now Black is done in.} (30... Rxc6 $1 $11 31. Nxc6 Rxe4) 31. Rxc4 $18 e3 32. Kf1 {White is clearly winning.} Rf8+ 33. Nf3 Rf6 34. d5 Rd6 35. Rc5 a4 36. Ke2 a3 37. b3 Rg6 38. g4 Rf6 39. Rb5 Re8 {...Rxf3! is the strong threat.} 40. Nce5 Rd6 41. Kxe3 Rf6 42. Rxb4 {Accuracy: White = 97%, Black = 73%.} 1-0

[Event "Kurnosov Memorial Rapid 2020"]
[Site "Chelyabinsk"]
[Date "2020.09.06"]
[Round "11.12"]
[White "Matinian, Nikita"]
[Black "Kokarev, Dmitry"]
[Result "0-1"]
[WhiteElo "2475"]
[BlackElo "2611"]
[Annotator "TA"]
[PlyCount "82"]
[EventDate "2020.09.04"]
[EventType "swiss"]
[EventCountry "RUS"]
[SourceTitle "playchess.com"]
[Source "ChessBase"]
[SourceQuality "1"]

{[%evp 13,82,18,16,18,14,18,22,3,22,19,0,-38,-16,-24,-3,-23,-28,-27,-22,-20,-22,-16,0,0,0,-214,0,0,0,0,0,-98,-98,-82,-97,-69,-63,-49,-1,-99,-85,-99,-75,-80,-6,-30,-16,-35,-28,-21,-41,-183,-182,-178,-183,-211,-182,-193,-202,-213,-77,-102,-71,-206,0,-733,-691,-1631,-1577,-12841,-12842]} 1. e4 c5 2. Nf3 d6 3. d4 Nf6 4. Nc3 cxd4 5. Nxd4 a6 6. h3 e5 7. Nde2 b5 8. g4 {B90: Sicilian Najdorf: Unusual White 6th moves, 6 Be3 Ng4 and 6 Be3 e5.} b4 9. Nd5 Nxd5 10. exd5 {The position is equal.} h5 11. g5 Be7 {[#]} 12. f4 $146 ({Predecessor:} 12. h4 Bg4 13. Bg2 Nd7 14. Be3 Qa5 15. Qd2 Rc8 16. Ng3 f5 17. gxf6 Nxf6 18. O-O {½-½ (41) Bente,B (2282)-Colpe,M (2402) Hamburg 2017}) 12... exf4 13. Bxf4 Bxg5 14. Bxg5 Qxg5 15. Qd4 O-O 16. Rg1 Qe5 17. Qxb4 Bf5 18. O-O-O {[#]} Rc8 $1 {[%mdl 512]} 19. Nd4 $2 {[#]} (19. c3 $11) 19... Qe3+ $2 (19... Bxc2 $1 $19 {[%mdl 512]} 20. Nxc2 Qe3+ {[%mdl 64] Double Attack} 21. Kb1 Qxg1 22. Qxd6 Qg5) 20. Qd2 $11 Rxc2+ $1 21. Nxc2 Qxg1 22. Nd4 (22. Qe3 $1 $11 Qxe3+ 23. Nxe3) 22... Qg6 $1 $36 {[%mdl 2048] Black is in control.} 23. Nxf5 Qxf5 24. Bd3 Qf6 ({Much worse is} 24... Qxh3 $6 25. Qg5 $1 $14 {[%mdl 512]}) 25. Rf1 Qh4 26. Qc2 {[#]} (26. Rg1 $1 $11 Nd7 27. Qh6 Qe1+ 28. Rxe1 gxh6 29. Be2) 26... Nd7 $1 27. Qc6 Rd8 {...Nc5 is the strong threat.} 28. Qxd6 {Black should prevent Qc7.} Qg5+ (28... Qxh3 $17 29. Bxa6 Qe3+ 30. Kb1 h4) 29. Kb1 {Threatens to win with Qc7.} Ne5 30. Qxa6 Nxd3 31. Qxd3 Rxd5 $11 {[%mdl 4096] Endgame KQR-KQR} 32. Qf3 ({Better is} 32. Qe4 $15) 32... Qg6+ $19 33. Ka1 Rd3 34. Qa8+ Kh7 35. Qc8 {[#]} Rf3 $1 {[%cal Rf3f1][%mdl 512]} 36. Rc1 (36. Rxf3 Qg1+) 36... Qe4 (36... Qd3 $19 {is more deadly.} 37. Qc7 Qf5) 37. a3 $17 f5 38. Qd7 (38. h4 $17 {was worth a try.}) 38... Rxh3 $2 (38... Qe5 $19 39. Ka2 Rxh3) 39. a4 $2 {[%mdl 8192]} (39. Rg1 $11 Rg3 {[%mdl 64] Decoy} 40. Rxg3 Qe1+ {[%mdl 64] Double Attack} 41. Ka2 Qxg3 42. Qxf5+ Kh6 43. Qe6+ g6 44. a4) 39... Rd3 $19 {Black is clearly winning.} 40. Qb5 Rd5 41. Qb3 Rd4 {Accuracy: White = 53%, Black = 79%.} 0-1